000 00240nam a2200085Ia 4500
008 170620s9999 xx 000 0 und d
100 _aRao- Digumarti Bhaskara
245 0 _aReforming Secondary Education
260 _bNew Delhi- Discovery Publishing House
260 _c2004
999 _c24520
_d24520